|
|
|
|
| LEADER |
00000nam0a2200000 4500 |
| 001 |
30846 |
| 005 |
20231101210011.0 |
| 010 |
|
|
|a 5922100556
|
| 035 |
|
|
|a (RuTPU)RU\TPU\book\31121
|
| 035 |
|
|
|a BOOK00031198
|
| 090 |
|
|
|a 30846
|
| 100 |
|
|
|a 20011209d2001 m y0rusy50 ca
|
| 101 |
0 |
|
|a rus
|
| 102 |
|
|
|a RU
|
| 105 |
|
|
|a a j 001zy
|
| 200 |
1 |
|
|a Механика
|e учебное пособие
|f Л. Д. Ландау, Е. М. Лифшиц
|
| 205 |
|
|
|a 5-е изд., стер.
|
| 210 |
|
|
|a Москва
|c Физматлит
|d 2001
|
| 215 |
|
|
|a 222 с.
|c ил.
|
| 225 |
1 |
|
|a Теоретическая физика
|e в 10 т.
|v Т. 1
|f Л. Д. Ландау, Е. М. Лифшиц
|
| 320 |
|
|
|a Предмет указ.: с. 221-222
|
| 451 |
|
1 |
|0 (RuTPU)RU\TPU\book\367907
|y 5-02-013850-9
|t Механика
|f Л. Д. Ландау, Е. М. Лифшиц
|e 4-е изд., испр.
|c Москва
|n Физматгиз
|d 1958
|p 206 с.
|a Ландау, Лев Давидович
|
| 451 |
|
1 |
|0 (RuTPU)RU\TPU\book\42507
|t Механика
|o учебное пособие
|f Л. Д. Ландау, Е. М. Лифшиц
|e 2-е изд., испр.
|c Москва
|n Наука
|d 1988
|p 215 с.
|a Ландау, Лев Давидович
|
| 451 |
|
1 |
|0 (RuTPU)RU\TPU\book\268568
|t Механика
|f Л. Д. Ландау, Е. М. Лифшиц
|c Москва
|n Наука
|d 1965
|p 204 с.
|a Ландау, Лев Давидович
|
| 451 |
|
1 |
|0 (RuTPU)RU\TPU\retro\11787
|t Механика
|o учебное пособие
|f Л. Д. Ландау, Е. М. Лифшиц
|c Москва
|n Наука
|d 1973
|p 208 с.
|s Теоретическая физика ; Т. 1
|a Ландау, Лев Давидович
|
| 606 |
1 |
|
|a Механика
|2 stltpush
|3 (RuTPU)RU\TPU\subj\67812
|9 83462
|
| 610 |
1 |
|
|a физика
|
| 610 |
1 |
|
|a теоретическая физика
|
| 610 |
1 |
|
|a механика
|
| 610 |
1 |
|
|a физика Лагранжа
|
| 610 |
1 |
|
|a твердое тело
|
| 610 |
1 |
|
|a движение
|
| 610 |
1 |
|
|a сохранение
|
| 610 |
1 |
|
|a законы
|
| 610 |
1 |
|
|a частицы
|
| 610 |
1 |
|
|a столкновения
|
| 610 |
1 |
|
|a малые колебания
|
| 610 |
1 |
|
|a канонические уравнения
|
| 610 |
1 |
|
|a учебные пособия
|
| 675 |
|
|
|a 531(075.8)
|v 3
|
| 700 |
|
1 |
|a Ландау
|b Л. Д.
|c российский физик-теоретик
|c академик АН СССР
|f 1908-1968
|g Лев Давидович
|2 stltpush
|3 (RuTPU)RU\TPU\pers\216
|9 111
|
| 701 |
|
1 |
|a Лифшиц
|b Е. М.
|c российский физик
|f 1915-1985
|g Евгений Михайлович
|2 stltpush
|3 (RuTPU)RU\TPU\pers\23254
|
| 801 |
|
0 |
|a RU
|b 63413507
|c 20011209
|g PSBO
|
| 801 |
|
2 |
|a RU
|b 63413507
|c 20201111
|g PSBO
|
| 900 |
|
|
|a Теоретическая физика
|
| 942 |
|
|
|c BK
|